Normal view
MARC view
Entry Personal Name
001 - CONTROL NUMBER
- control field: 66664
003 - CONTROL NUMBER IDENTIFIER
- control field: OSt
005 - DATE AND TIME OF LATEST TRANSACTION
- control field: 20170121151418.0
008 - FIXED-LENGTH DATA ELEMENTS
- fixed length control field: 170121|| aca||aabn | a|a d
040 ## - CATALOGING SOURCE
- Original cataloging agency: OSt
- Transcribing agency: OSt
100 ## - HEADING--PERSONAL NAME
- Personal name: राजेन्द्र, प्रसाद 'राजेद्र'
670 ## - SOURCE DATA FOUND
- Source citation: Work cat.: (OSt): राजेन्द्र, प्रसाद 'राजेद्र', नेताजी सुभाष , 2008









